[Event "FRM-chT"]
[Site "Ohrid"]
[Date "2019.07.22"]
[Round "1.5"]
[White "Simov, Saso"]
[Black "Jacimovic, Dragoljub"]
[Result "0-1"]
[WhiteElo "2182"]
[BlackElo "2392"]
[PlyCount "74"]
[EventDate "2019.07.22"]
[EventType "team-tourn"]
[EventRounds "7"]
[EventCountry "MKD"]
[SourceTitle "EXT 2020"]
[Source "ChessBase"]
[SourceDate "2019.10.17"]
[SourceVersion "1"]
[SourceVersionDate "2019.10.17"]
[SourceQuality "1"]
[WhiteTeam "Kumanovo"]
[BlackTeam "Skopje Alkaloid"]
[WhiteTeamCountry "MKD"]
[BlackTeamCountry "MKD"]

1. d3 g6 2. g3 Bg7 3. Bg2 c5 4. Nf3 Nc6 5. 0-0 d6 6. Nc3 e5 7. e4 Nge7 8. Ne1 0-0 9. Be3 f5 10. f4 exf4 11. gxf4 Qb6 12. Rb1 Be6 13. a3 Rae8 14. e5 Nd4 15. b4 Qd8 16. bxc5 dxe5 17. Rxb7 Qa5 18. Ne2 Nd5 19. Bd2 Qxc5 20. Kh1 Nxe2 21. Qxe2 Nxf4 22. Rxf4 exf4 23. Bb4 Bc8 24. Qd2 Qe3 25. Rxg7+ Kxg7 26. Qc3+ Rf6 27. h3 Qf2 28. Qa1 Kf7 29. Bd5+ Be6 30. Bf3 Bd7 31. Bd5+ Be6 32. Bg2 h6 33. c4 Bc8 34. Bd5+ Kg7 35. Bc3 Kh7 36. Ng2 f3 37. Bxf6 Qxg2# 0-1

[Event "EU-ch rapid"]
[Site "Skopje"]
[Date "2018.12.09"]
[Round "10"]
[White "Jacimovic, Dragoljub"]
[Black "Georgiev, Kiril"]
[Result "0-1"]
[WhiteElo "2398"]
[BlackElo "2595"]
[PlyCount "110"]
[EventDate "2018.12.08"]
[EventType "swiss (rapid)"]
[EventRounds "13"]
[EventCountry "MKD"]
[SourceTitle "CBM 187 Extra"]
[Source "ChessBase"]
[SourceDate "2018.11.04"]
[SourceVersion "1"]
[SourceVersionDate "2018.11.04"]
[SourceQuality "1"]

1. d4 Nf6 2. c4 c5 3. d5 b5 4. Nf3 g6 5. Qc2 Bg7 6. e4 bxc4 7. Bxc4 d6 8. h3 0-0 9. 0-0 Nfd7 10. Bd2 Nb6 11. Na3 Ba6 12. Rab1 Nxc4 13. Nxc4 Nd7 14. Ba5 Qc8 15. b3 Rb8 16. Rfe1 Nb6 17. Nfd2 Bxc4 18. Nxc4 Qa6 19. Bxb6 axb6 20. a4 b5 21. axb5 Qxb5 22. e5 Rfd8 23. exd6 exd6 24. Qd3 Qd7 25. Qf3 h5 26. Rbd1 Re8 27. Kf1 Bf8 28. Ra1 Qb7 29. Rxe8 Rxe8 30. Re1 Rxe1+ 31. Kxe1 Qa8 32. Qd3 Qa1+ 33. Ke2 Qc1 34. Qd2 Qg1 35. Kf3 Qb1 36. Ke2 Qxb3 37. Qd3 Qa2+ 38. Kf3 Qa1 39. h4 Qf6+ 40. Kg3 Bh6 41. Qe4 Kf8 42. f3 Kg8 43. Kf2 Bf8 44. Kg3 Qc3 45. Kh2 Qf6 46. Kg3 Qd8 47. Kh3 Be7 48. g3 Bf8 49. Qf4 Qd7+ 50. g4 Be7 51. Kg3 hxg4 52. fxg4 Qa4 53. g5 Qb3+ 54. Kg2 Qc2+ 55. Nd2 Qd3 0-1

[Event "EU-ch rapid"]
[Site "Skopje"]
[Date "2018.12.08"]
[Round "3"]
[White "Salgado Lopez, Ivan"]
[Black "Jacimovic, Dragoljub"]
[Result "1-0"]
[WhiteElo "2629"]
[BlackElo "2398"]
[PlyCount "75"]
[EventDate "2018.12.08"]
[EventType "swiss (rapid)"]
[EventRounds "13"]
[EventCountry "MKD"]
[SourceTitle "CBM 187 Extra"]
[Source "ChessBase"]
[SourceDate "2018.11.04"]
[SourceVersion "1"]
[SourceVersionDate "2018.11.04"]
[SourceQuality "1"]

1. e4 e6 2. d4 d5 3. Nc3 Bb4 4. e5 c5 5. a3 Bxc3+ 6. bxc3 Qa5 7. Bd2 Qa4 8. Qg4 g6 9. Qd1 b6 10. dxc5 bxc5 11. Nf3 Nd7 12. Bd3 Ba6 13. 0-0 Ne7 14. Qc1 Bxd3 15. cxd3 Qa6 16. Qc2 h6 17. a4 Kf8 18. Rfb1 Kg7 19. Rb5 Rab8 20. Rab1 Rxb5 21. axb5 Qb7 22. c4 d4 23. Ra1 g5 24. h3 Ng6 25. Qa4 Ngxe5 26. Qxa7 Nxf3+ 27. gxf3 Rb8 28. Qxb7 Rxb7 29. Kf1 Kf6 30. f4 Kf5 31. fxg5 hxg5 32. Ke2 f6 33. Ra6 Ne5 34. Ba5 Rh7 35. b6 Nc6 36. b7 Nb8 37. Ra7 Ke5 38. Ra8 1-0

[Event "Novi Sad TS GM 75th"]
[Site "Novi Sad"]
[Date "2018.04.15"]
[Round "9"]
[White "Jacimovic, Dragoljub"]
[Black "Krishna Teja, N."]
[Result "1/2-1/2"]
[WhiteElo "2391"]
[BlackElo "2368"]
[PlyCount "20"]
[EventDate "2018.04.10"]
[EventType "tourn"]
[EventRounds "9"]
[EventCountry "SRB"]
[EventCategory "6"]
[SourceTitle "CBM 184 Extra"]
[Source "ChessBase"]
[SourceDate "2018.06.28"]
[SourceVersion "1"]
[SourceVersionDate "2018.06.28"]
[SourceQuality "1"]

1. d4 Nf6 2. c4 e6 3. Nc3 Bb4 4. Nf3 0-0 5. Qc2 c5 6. dxc5 Na6 7. Bd2 Nxc5 8. a3 Bxc3 9. Bxc3 Nce4 10. Bxf6 Nxf6 1/2-1/2

[Event "Skopje Karposh op"]
[Site "Skopje"]
[Date "2018.03.26"]
[Round "4"]
[White "Jacimovic, Dragoljub"]
[Black "Zajic, Milan"]
[Result "1/2-1/2"]
[WhiteElo "2391"]
[BlackElo "2507"]
[PlyCount "30"]
[EventDate "2018.03.24"]
[EventType "swiss"]
[EventRounds "9"]
[EventCountry "MKD"]
[SourceTitle "CBM 183 Extra"]
[Source "ChessBase"]
[SourceDate "2018.04.19"]
[SourceVersion "1"]
[SourceVersionDate "2018.04.19"]
[SourceQuality "1"]

1. d4 Nf6 2. c4 e6 3. Nc3 Bb4 4. Qc2 0-0 5. Nf3 d6 6. Bd2 Nbd7 7. a3 Bxc3 8. Bxc3 Re8 9. Rd1 Qe7 10. e4 e5 11. d5 Nc5 12. Nd2 Bd7 13. Be2 a5 14. 0-0 a4 15. Bb4 b6 1/2-1/2

[Event "Skopje Karposh op"]
[Site "Skopje"]
[Date "2018.03.24"]
[Round "1"]
[White "Jacimovic, Dragoljub"]
[Black "Gokcek, Kursat Bugra"]
[Result "1-0"]
[WhiteElo "2391"]
[BlackElo "1852"]
[PlyCount "91"]
[EventDate "2018.03.24"]
[EventType "swiss"]
[EventRounds "9"]
[EventCountry "MKD"]
[SourceTitle "CBM 183 Extra"]
[Source "ChessBase"]
[SourceDate "2018.04.19"]
[SourceVersion "1"]
[SourceVersionDate "2018.04.19"]
[SourceQuality "1"]

1. d4 Nf6 2. Nf3 g6 3. Bf4 Bg7 4. e3 0-0 5. Nbd2 d6 6. h3 Nc6 7. c3 Nd7 8. Bh2 e5 9. Be2 Qe8 10. 0-0 h6 11. b4 a5 12. b5 Nd8 13. a4 b6 14. Qb3 Bb7 15. Bc4 Rb8 16. Bd5 Bxd5 17. Qxd5 Qe6 18. Qb3 Qxb3 19. Nxb3 f6 20. Rac1 Ne6 21. Rfe1 Rfe8 22. Nh4 Kf7 23. g4 Nef8 24. f4 exf4 25. exf4 Rxe1+ 26. Rxe1 Re8 27. Rxe8 Kxe8 28. f5 Kf7 29. Kf2 g5 30. Ng2 Ke8 31. Ne3 Kd8 32. Kf3 Nb8 33. Nd5 Nfd7 34. Nd2 Kc8 35. Ne4 Kd8 36. Ke2 Kc8 37. Kd3 Kd8 38. c4 Kc8 39. Bg3 Kb7 40. Kc3 Kc8 41. c5 dxc5 42. dxc5 Nxc5 43. Nxc5 bxc5 44. Bxc7 Bf8 45. Bxb8 Kxb8 46. Kc4 1-0

[Event "Belgrade Trophy 31st"]
[Site "Belgrade"]
[Date "2017.11.26"]
[Round "3"]
[White "Jacimovic, Dragoljub"]
[Black "Zegarac, Vuk"]
[Result "1/2-1/2"]
[WhiteElo "2397"]
[BlackElo "2235"]
[PlyCount "53"]
[EventDate "2017.11.24"]
[EventType "swiss"]
[EventRounds "9"]
[EventCountry "SRB"]
[SourceTitle "CBM 181 Extra"]
[Source "ChessBase"]
[SourceDate "2017.12.12"]
[SourceVersion "1"]
[SourceVersionDate "2017.12.12"]
[SourceQuality "1"]

1. d4 Nf6 2. c4 e6 3. Nc3 Bb4 4. e3 0-0 5. Nge2 Re8 6. a3 Bf8 7. Nf4 d5 8. cxd5 exd5 9. Bd3 c6 10. 0-0 Bd6 11. b4 a6 12. Rb1 Ne4 13. Nce2 Nd7 14. f3 Nef6 15. Ng3 Nf8 16. Qc2 g6 17. Qf2 h5 18. e4 dxe4 19. Nxe4 Bc7 20. Ne2 N8h7 21. N2c3 b6 22. Bh6 Kh8 23. Rfe1 Ng8 24. Bd2 Be6 25. Ne2 f5 26. N4g3 Ngf6 27. Bc1 1/2-1/2

[Event "Palic Karadzic Memorial op"]
[Site "Palic"]
[Date "2016.11.01"]
[Round "5"]
[White "Feduk, Viktor"]
[Black "Jacimovic, Dragoljub"]
[Result "1/2-1/2"]
[WhiteElo "2150"]
[BlackElo "2404"]
[PlyCount "28"]
[EventDate "2016.10.29"]
[EventType "swiss"]
[EventRounds "9"]
[EventCountry "SRB"]
[SourceTitle "CBM 175 Extra"]
[Source "ChessBase"]
[SourceDate "2016.12.12"]
[SourceVersion "1"]
[SourceVersionDate "2016.12.12"]
[SourceQuality "1"]

1. e4 e6 2. d4 d5 3. Bd3 Nc6 4. Ne2 Nb4 5. Nbc3 Nxd3+ 6. Qxd3 Nf6 7. e5 Ng8 8. f4 Ne7 9. Be3 Qd7 10. 0-0-0 Rb8 11. g4 b5 12. Ng3 b4 13. Nce2 Rb6 14. Kb1 Qa4 1/2-1/2

[Event "FRM-chT 25th"]
[Site "Ohrid"]
[Date "2016.08.09"]
[Round "2.3"]
[White "Lika, Jakup"]
[Black "Jacimovic, Dragoljub"]
[Result "0-1"]
[WhiteElo "1965"]
[BlackElo "2407"]
[PlyCount "92"]
[EventDate "2016.08.08"]
[EventType "team-tourn"]
[EventRounds "5"]
[EventCountry "MKD"]
[SourceTitle "CBM 173 Extra"]
[Source "ChessBase"]
[SourceDate "2016.08.29"]
[SourceVersion "1"]
[SourceVersionDate "2016.08.29"]
[SourceQuality "1"]
[WhiteTeam "Gostivar"]
[BlackTeam "Skopje Alkaloid"]
[WhiteTeamCountry "MKD"]
[BlackTeamCountry "MKD"]

1. e4 e6 2. d4 d5 3. exd5 exd5 4. Nf3 Nc6 5. Bd3 Bd6 6. c3 Nge7 7. Qc2 Bg4 8. Nbd2 Qd7 9. h3 Bf5 10. Bxf5 Qxf5 11. Qxf5 Nxf5 12. 0-0 Kd7 13. Re1 f6 14. Nf1 h5 15. Ne3 Nce7 16. h4 b5 17. Bd2 a5 18. a3 Nxe3 19. Rxe3 Nc8 20. Ree1 Nb6 21. b3 Rhe8 22. Rxe8 Rxe8 23. Kf1 Re4 24. g3 Re8 25. Ne1 a4 26. b4 Nc4 27. Bc1 Ke6 28. Ra2 Kf5 29. Re2 Rxe2 30. Kxe2 Kg4 31. Nf3 Bxg3 32. fxg3 Kxg3 33. Ne1 Kxh4 34. Ng2+ Kg4 35. Nf4 c6 36. Ne6 g5 37. Nd8 h4 38. Kf2 h3 39. Nxc6 Nd6 40. Ne7 Ne4+ 41. Kg1 Nxc3 42. Kh2 Ne2 43. Bb2 Kf3 44. Nf5 g4 45. Ba1 g3+ 46. Nxg3 Nxg3 0-1

[Event "Nis op"]
[Site "Nis"]
[Date "2016.07.04"]
[Round "7"]
[White "Atakisi, Umut"]
[Black "Jacimovic, Dragoljub"]
[Result "1/2-1/2"]
[WhiteElo "2358"]
[BlackElo "2422"]
[PlyCount "91"]
[EventDate "2016.06.28"]
[EventType "swiss"]
[EventRounds "9"]
[EventCountry "YUG"]
[SourceTitle "CBM 173 Extra"]
[Source "ChessBase"]
[SourceDate "2016.08.29"]
[SourceVersion "1"]
[SourceVersionDate "2016.08.29"]
[SourceQuality "1"]

1. Nf3 Nf6 2. c4 g6 3. g3 Bg7 4. Bg2 0-0 5. 0-0 d6 6. d4 c6 7. b3 e5 8. dxe5 dxe5 9. Ba3 Re8 10. Qxd8 Rxd8 11. Nc3 Re8 12. Rad1 Nbd7 13. Ng5 Bf8 14. Bxf8 Rxf8 15. Nge4 Nxe4 16. Nxe4 Kg7 17. f4 exf4 18. Rxf4 Ne5 19. Nd6 Rb8 20. Re4 f6 21. c5 b6 22. Ra4 bxc5 23. Rxa7+ Kg8 24. Rc1 Be6 25. Re7 Bg4 26. Rxc5 Rbd8 27. Ne4 Bxe2 28. Rc1 Bf3 29. Bxf3 Nxf3+ 30. Kg2 Ng5 31. Rxc6 Nxe4 32. Rxe4 Rd2+ 33. Kh3 Rxa2 34. Re7 Rf7 35. Rxf7 Kxf7 36. Rc7+ Ke6 37. Rxh7 f5 38. Rb7 Kf6 39. Rb6+ Kg5 40. Rb5 Rd2 41. Rb8 Kh6 42. Rb6 Kg5 43. Rc6 Rb2 44. Rc3 Kh6 45. Rf3 Kh5 46. Rf4 1/2-1/2

[Event "Nis op"]
[Site "Nis"]
[Date "2016.07.03"]
[Round "6"]
[White "Jacimovic, Dragoljub"]
[Black "Kiremitciyan, Ari"]
[Result "1-0"]
[WhiteElo "2422"]
[BlackElo "2008"]
[PlyCount "111"]
[EventDate "2016.06.28"]
[EventType "swiss"]
[EventRounds "9"]
[EventCountry "YUG"]
[SourceTitle "CBM 173 Extra"]
[Source "ChessBase"]
[SourceDate "2016.08.29"]
[SourceVersion "1"]
[SourceVersionDate "2016.08.29"]
[SourceQuality "1"]

1. d4 Nf6 2. c4 e6 3. Nc3 Bb4 4. Qc2 0-0 5. Bg5 h6 6. Bh4 c5 7. e3 cxd4 8. exd4 d5 9. Nf3 b6 10. 0-0-0 Bb7 11. Ne5 Be7 12. f4 Nbd7 13. Kb1 Rc8 14. Bxf6 Nxf6 15. f5 exf5 16. Qxf5 dxc4 17. Bxc4 b5 18. Bd3 Qxd4 19. Bc2 Qc5 20. Nd7 Qxf5 21. Bxf5 Rfe8 22. Nxf6+ Bxf6 23. Bxc8 Bxc8 24. Rhe1 Be6 25. Nd5 Bg5 26. Nc7 Bf5+ 27. Ka1 Rc8 28. Re8+ Rxe8 29. Nxe8 Be4 30. g3 Bc6 31. Nd6 Kf8 32. Nc8 a5 33. Na7 Bf3 34. Rd3 Be2 35. Rd7 b4 36. Kb1 Ke8 37. Rd5 Bf3 38. Rxa5 Be4+ 39. Ka1 Kd7 40. Nb5 Be3 41. Ra4 Bc5 42. Nd4 Bg2 43. Nb3 Bg1 44. Rxb4 h5 45. a4 Ke6 46. Nd4+ Ke5 47. Ne2 Be3 48. a5 Bf1 49. Nc3 f5 50. Rb7 g5 51. Re7+ Kd4 52. Re6 f4 53. a6 Kc4 54. gxf4 gxf4 55. Re4+ Kb3 56. Nd5 1-0

[Event "Nis op"]
[Site "Nis"]
[Date "2016.07.01"]
[Round "4"]
[White "Jacimovic, Dragoljub"]
[Black "Agdelen, Huseyin Can"]
[Result "1/2-1/2"]
[WhiteElo "2422"]
[BlackElo "2061"]
[PlyCount "60"]
[EventDate "2016.06.28"]
[EventType "swiss"]
[EventRounds "9"]
[EventCountry "YUG"]
[SourceTitle "CBM 173 Extra"]
[Source "ChessBase"]
[SourceDate "2016.08.29"]
[SourceVersion "1"]
[SourceVersionDate "2016.08.29"]
[SourceQuality "1"]

1. d4 Nf6 2. c4 g6 3. Nc3 d5 4. Nf3 Bg7 5. e3 0-0 6. Qb3 e6 7. Bd2 b6 8. cxd5 exd5 9. Be2 Bb7 10. 0-0 Nbd7 11. Rfc1 c6 12. a3 Re8 13. Qd1 c5 14. Be1 a6 15. a4 Bf8 16. a5 b5 17. dxc5 Nxc5 18. Nd4 Rc8 19. Bf3 Bd6 20. Nce2 Qe7 21. Rc2 Nce4 22. Rac1 Rxc2 23. Rxc2 Ng5 24. Ng3 Nxf3+ 25. Nxf3 b4 26. Qd4 Nd7 27. Qa7 Rb8 28. Qd4 Re8 29. Qg4 Nf6 30. Qd4 Nd7 1/2-1/2

[Event "Nis op"]
[Site "Nis"]
[Date "2016.06.29"]
[Round "2"]
[White "Jacimovic, Dragoljub"]
[Black "Samani, Yamac"]
[Result "0-1"]
[WhiteElo "2422"]
[BlackElo "2083"]
[PlyCount "64"]
[EventDate "2016.06.28"]
[EventType "swiss"]
[EventRounds "9"]
[EventCountry "YUG"]
[SourceTitle "CBM 173 Extra"]
[Source "ChessBase"]
[SourceDate "2016.08.29"]
[SourceVersion "1"]
[SourceVersionDate "2016.08.29"]
[SourceQuality "1"]

1. d4 d5 2. c4 e6 3. Nc3 c6 4. Nf3 dxc4 5. a4 Bb4 6. e3 b5 7. Bd2 a5 8. axb5 Bxc3 9. Bxc3 cxb5 10. b3 Bb7 11. bxc4 b4 12. Bb2 Nf6 13. Bd3 Nbd7 14. 0-0 0-0 15. Re1 Ne4 16. Nd2 Nxd2 17. Qxd2 Qg5 18. f4 Qe7 19. e4 a4 20. c5 Rfb8 21. Bc1 a3 22. Kh1 Qf6 23. e5 Qh4 24. Bc4 Bc6 25. Rf1 Qg4 26. Bb3 Qh3 27. Bd1 b3 28. d5 Bxd5 29. Rxa3 Qxg2+ 30. Qxg2 Bxg2+ 31. Kg1 Bxf1 32. Ra2 b2 0-1

[Event "Skopje Karpos Cristmas op"]
[Site "Skopje"]
[Date "2016.01.16"]
[Round "4"]
[White "Veleski, Robert"]
[Black "Jacimovic, Dragoljub"]
[Result "0-1"]
[WhiteElo "2283"]
[BlackElo "2370"]
[PlyCount "54"]
[EventDate "2016.01.16"]
[EventType "swiss"]
[EventRounds "9"]
[EventCountry "MKD"]
[SourceTitle "CBM 170 Extra"]
[Source "ChessBase"]
[SourceDate "2016.02.25"]
[SourceVersion "1"]
[SourceVersionDate "2016.02.25"]
[SourceQuality "1"]

1. d4 Nf6 2. Nf3 g6 3. Nbd2 d5 4. e3 Bg7 5. c3 0-0 6. Bd3 b6 7. Qe2 c5 8. 0-0 Nc6 9. b3 Nd7 10. Bb2 e5 11. dxe5 Ndxe5 12. Nxe5 Nxe5 13. Ba6 Bg4 14. f3 Be6 15. Rad1 Qc7 16. e4 Rfe8 17. Rfe1 Bd7 18. Qf2 b5 19. a4 Nd3 20. Qe2 Nxb2 21. Rb1 Bxc3 22. Rec1 Bd4+ 23. Kh1 bxa4 24. Nf1 a3 25. Ne3 dxe4 26. Nd5 Qd6 27. Bc4 Bc6 0-1

[Event "Skopje-ch op"]
[Site "Skopje"]
[Date "2015.12.13"]
[Round "3"]
[White "Glavinac, Goran"]
[Black "Jacimovic, Dragoljub"]
[Result "0-1"]
[WhiteElo "2079"]
[BlackElo "2374"]
[PlyCount "44"]
[EventDate "2015.12.13"]
[EventType "swiss"]
[EventRounds "9"]
[EventCountry "MKD"]
[SourceTitle "EXT 2018"]
[Source "ChessBase"]
[SourceDate "2017.10.13"]
[SourceVersion "1"]
[SourceVersionDate "2017.10.13"]
[SourceQuality "1"]

1. Nf3 c5 2. c4 g6 3. Nc3 Bg7 4. g3 Nc6 5. Bg2 d6 6. d3 e5 7. Nd2 Nge7 8. Nf1 0-0 9. Ne3 Be6 10. 0-0 Qd7 11. Ned5 f5 12. Rb1 f4 13. b4 cxb4 14. Nxb4 Bh3 15. Nxc6 bxc6 16. Ne4 Bxg2 17. Kxg2 d5 18. cxd5 cxd5 19. Ng5 Qf5 20. Nf3 e4 21. Nh4 Qe6 22. Bxf4 Rxf4 0-1

[Event "Skopje-ch op"]
[Site "Skopje"]
[Date "2015.12.13"]
[Round "1"]
[White "Veljanoski, Andrej"]
[Black "Jacimovic, Dragoljub"]
[Result "0-1"]
[WhiteElo "1731"]
[BlackElo "2374"]
[PlyCount "75"]
[EventDate "2015.12.13"]
[EventType "swiss"]
[EventRounds "9"]
[EventCountry "MKD"]
[SourceTitle "EXT 2018"]
[Source "ChessBase"]
[SourceDate "2017.10.13"]
[SourceVersion "1"]
[SourceVersionDate "2017.10.13"]
[SourceQuality "1"]

1. e4 c5 2. Nf3 d6 3. d4 cxd4 4. Nxd4 Nf6 5. Nc3 Nc6 6. Be2 e5 7. Nb3 Be7 8. Be3 Be6 9. f3 0-0 10. 0-0 a5 11. Bb5 Qc7 12. Na4 Nd7 13. Qe2 b6 14. c3 Nc5 15. Naxc5 bxc5 16. Bc4 a4 17. Nd2 Rfb8 18. Rab1 Na5 19. f4 Nxc4 20. Nxc4 f6 21. a3 Qc6 22. f5 Bf7 23. Nd2 Ba2 24. Qg4 Bxb1 25. Rxb1 c4 26. h4 Rb7 27. Qe2 Rc8 28. g4 d5 29. Qf3 Rd7 30. exd5 Rxd5 31. g5 Rd3 32. Ne4 fxg5 33. hxg5 Bxg5 34. Re1 Bxe3+ 35. Rxe3 Rxe3 36. Qxe3 Qh6 37. Qg3 Qf4 38. Nf6+ 0-1

[Event "Skopje Alkaloid rap op"]
[Site "Skopje"]
[Date "2015.12.06"]
[Round "8"]
[White "Bogosavljevic, Boban"]
[Black "Jacimovic, Dragoljub"]
[Result "1-0"]
[WhiteElo "2521"]
[BlackElo "2399"]
[PlyCount "119"]
[EventDate "2015.12.06"]
[EventType "swiss (rapid)"]
[EventRounds "9"]
[EventCountry "MKD"]
[SourceTitle "CBM 169 Extra"]
[Source "ChessBase"]
[SourceDate "2015.12.18"]
[SourceVersion "1"]
[SourceVersionDate "2015.12.18"]
[SourceQuality "1"]

1. Nf3 d6 2. d4 f5 3. g3 Nf6 4. Bg2 g6 5. 0-0 Bg7 6. c4 0-0 7. Nc3 Qe8 8. Nd5 Nxd5 9. cxd5 Qb5 10. Ne1 c6 11. Nc2 cxd5 12. Na3 Qc6 13. Qb3 e6 14. Bf4 a6 15. Qb4 Rd8 16. Qa5 Qd7 17. Rfd1 Nc6 18. Qb6 Re8 19. Rac1 Bf6 20. h4 Kg7 21. Nc2 h6 22. Be3 Bd8 23. Qb3 Qe7 24. Ne1 Na5 25. Qc3 Nc4 26. Bd2 Ba5 27. b4 Bb6 28. Nd3 Bd7 29. Qb3 Bxd4 30. Be1 Bf6 31. e3 Rec8 32. Nf4 Be8 33. Rxd5 Na5 34. Rxc8 Nxb3 35. Rxa8 g5 36. Nxe6+ Qxe6 37. axb3 Bc6 38. Rd1 gxh4 39. Bxc6 bxc6 40. Ra7+ Kg6 41. Rxa6 hxg3 42. Rxc6 gxf2+ 43. Bxf2 Be5 44. Rc4 Kf6 45. Kf1 f4 46. exf4 Qh3+ 47. Ke2 Qg4+ 48. Ke1 Bxf4 49. Rdd4 Qh3 50. Rxf4+ Ke6 51. Rce4+ Kd5 52. Rd4+ Ke6 53. Rfe4+ Kd7 54. Re3 Qf5 55. Bg3 Qb1+ 56. Rd1 Qc2 57. Rxd6+ Kc8 58. Re8+ Kb7 59. Rd7+ Ka6 60. Ra8+ 1-0

[Event "Skopje Alkaloid rap op"]
[Site "Skopje"]
[Date "2015.12.06"]
[Round "9"]
[White "Jacimovic, Dragoljub"]
[Black "Biljanic, Ljubomir"]
[Result "0-1"]
[WhiteElo "2399"]
[BlackElo "2255"]
[PlyCount "72"]
[EventDate "2015.12.06"]
[EventType "swiss (rapid)"]
[EventRounds "9"]
[EventCountry "MKD"]
[SourceTitle "CBM 169 Extra"]
[Source "ChessBase"]
[SourceDate "2015.12.18"]
[SourceVersion "1"]
[SourceVersionDate "2015.12.18"]
[SourceQuality "1"]

1. c4 Nf6 2. Nc3 e5 3. g3 d6 4. Bg2 g6 5. d3 h6 6. Bd2 Bg7 7. Qc1 Nc6 8. Rb1 Kf8 9. b4 Kg8 10. b5 Ne7 11. Nf3 Be6 12. h3 Qc8 13. g4 Nd7 14. e3 Nc5 15. Ke2 f5 16. gxf5 gxf5 17. Nd1 e4 18. dxe4 fxe4 19. Nd4 Bf7 20. Qc2 Bg6 21. Bc3 Nf5 22. Rg1 Nh4 23. Nb2 Kh7 24. Bh1 Qe8 25. Rg4 Bh5 26. Rbg1 Rg8 27. Ke1 Bxg4 28. Rxg4 Ng6 29. Bxe4 Nxe4 30. Rxe4 Qd7 31. Rg4 Bf6 32. Nd3 h5 33. Rxg6 Rxg6 34. Nf4 Rag8 35. Nde6 Bxc3+ 36. Qxc3 Rxe6 0-1